| 000 | 00819nam a2200205 a 4500 | ||
|---|---|---|---|
| 001 | BRCA_6078 | ||
| 005 | 20190320205327.0 | ||
| 008 | 170608s2001----mx-a---###---#000-0#spa-# | ||
| 050 | 4 |
_aNA6930 _b.T45 2001 |
|
| 100 | 1 |
_aTellez Ferreira, Tatiana Haddad _915364 |
|
| 245 | 1 | 0 | _aZona sur de la Alameda Central. |
| 260 |
_aCiudad de México _c2001 |
||
| 300 |
_a295 p. _bil. |
||
| 502 | _aTesis Maestría (Maestra en Arquitectura con especialidad en restauración de monumentos) Escuela Nacional de Conservación, Restauración y Museografía ´Manuel del Castillo Negrete´ | ||
| 610 | 2 | 4 |
_aAlameda Central _xHistoria _ySiglo XVI a XX _zCiudad de México _915365 |
| 700 | 1 |
_aGarcía del Valle y Villagrán, Gabriel _easesor _915366 |
|
| 700 | 1 |
_aSalas Espíndola, Raúl _easesor _915367 |
|
| 902 | _aTES | ||
| 942 |
_2lcc _cTES |
||
| 999 |
_c5765 _d5765 |
||